500 Largest Restaurant Chains in the United States - Statistics

General Stats
  • This quiz has been taken 241 times
  • The average score is 59 of 500
Answer Stats
Rank Chain % Correct
1 McDonald's
98%
8 Burger King
96%
5 Wendy's
93%
4 Taco Bell
91%
2 Starbucks
90%
9 Subway
89%
10 Domino's
85%
14 Pizza Hut
85%
6 Dunkin'
83%
3 Chick-fil-A
82%
20 KFC
82%
7 Chipotle Mexican Grill
81%
11 Panda Express
75%
31 Papa Johns
74%
25 Arby's
72%
13 Popeyes
71%
40 In-N-Out Burger
70%
19 Dairy Queen
67%
22 Little Caesars
66%
17 Olive Garden
65%
41 Five Guys
64%
21 Chili's Grill & Bar
62%
16 Sonic Drive-In
62%
27 Applebee's
60%
47 Carl's Jr.
60%
43 Hardee's
60%
45 Red Lobster
60%
12 Panera Bread
59%
82 Baskin-Robbins
58%
30 Jersey Mike's Subs
58%
18 Raising Cane's
58%
35 Outback Steakhouse
55%
52 Shake Shack
55%
15 Texas Roadhouse
54%
87 White Castle
54%
23 Jack in the Box
53%
38 Jimmy John's
53%
50 Waffle House
53%
37 Denny's
52%
32 IHOP
51%
26 Whataburger
51%
74 Krispy Kreme
48%
69 Tim Hortons
48%
54 Qdoba Mexican Eats
47%
29 Culver's
46%
164 Long John Silver's
45%
28 Buffalo Wild Wings
42%
62 Del Taco
42%
73 Steak 'n Shake
42%
56 Firehouse Subs
40%
33 LongHorn Steakhouse
38%
460 Quiznos
38%
48 Red Robin
38%
24 Wingstop
38%
68 Auntie Anne's
37%
66 Church's Texas Chicken
37%
34 Cracker Barrel
37%
174 Sbarro
35%
42 Bojangles
34%
89 Dave's Hot Chicken
34%
121 TGI Fridays
34%
36 The Cheesecake Factory
34%
428 Moe's Original BBQ
33%
79 Moe's Southwest Grill
33%
83 Hooters
32%
39 Zaxby's
31%
101 Checkers
30%
46 Golden Corral
30%
61 P.F. Chang's
26%
148 Rally's
26%
161 Cinnabon
25%
53 Crumbl
25%
120 Chuck E. Cheese
24%
159 Ruby Tuesday
24%
71 Smoothie King
24%
98 Cold Stone Creamery
23%
57 El Pollo Loco
23%
111 Jamba
22%
143 Jollibee
22%
75 Charleys Cheesesteaks
21%
342 Joe's Crab Shack
21%
58 Marco's Pizza
21%
262 Friendly's
20%
49 Tropical Smoothie Cafe
20%
410 Fuddruckers
19%
123 California Pizza Kitchen
18%
176 Cicis
18%
133 Cook Out
18%
92 Dave & Buster's
18%
296 Hard Rock Cafe
18%
253 Uno Pizzeria & Grill
18%
309 Big Boy Restaurants
17%
63 Cava
17%
94 Jack's Family Restaurants
17%
185 Smashburger
17%
358 Ben & Jerry's Scoop Shops
16%
44 Dutch Bros Coffee
16%
91 Noodles & Company
16%
107 Perkins American Food Co.
16%
99 Potbelly Sandwich Shop
16%
118 Taco John's
16%
72 Bob Evans
15%
60 Freddy's Frozen Custard & Steakburgers
15%
334 Nando's
15%
77 Papa Murphy's Pizza
15%
67 Ruth's Chris Steak House
15%
105 Benihana
14%
51 BJ's Restaurant & Brewhouse
14%
70 Cheddar's Scratch Kitchen
14%
55 First Watch
14%
178 Insomnia Cookies
14%
59 McAlister's Deli
14%
250 O'Charley's
14%
322 Rainforest Cafe
14%
84 Sweetgreen
14%
137 Blaze Pizza
13%
103 Bonefish Grill
13%
88 Einstein Bros. Bagels
13%
258 Johnny Rockets
13%
95 MOD Pizza
13%
357 Nathan's Famous
13%
155 Ninety Nine Restaurant & Pub
13%
100 Jet's Pizza
12%
211 Rita's Ice
12%
172 A&W All American Food
11%
177 Bahama Breeze Island Grille
11%
304 Carvel Ice Cream
11%
116 Hungry Howie's Pizza
11%
85 Jason's Deli
11%
297 Shoney's
11%
395 Bob's Steak & Chop House
10%
102 Captain D's Seafood Kitchen
10%
128 Caribou Coffee
10%
126 Chicken Salad Chick
10%
491 East Coast Wings + Grill
10%
333 Fatburger
10%
156 Krystal Company
10%
188 Lee's Famous Recipe Chicken
10%
415 Margaritaville Restaurants
10%
303 Menchie's Frozen Yogurt
10%
179 Ono Hawaiian BBQ
10%
191 On The Border
10%
423 &pizza
10%
207 Sizzler
10%
294 Skyline Chili
10%
76 Carrabba's Italian Grill
9%
204 Gen Korean BBQ
9%
170 Godfather's Pizza
9%
80 Habit Burger & Grill
9%
131 Logan's Roadhouse
9%
106 Maggiano's Little Italy
9%
141 Pollo Tropical
9%
78 Scooter's Coffee
9%
450 TacoTime
9%
96 The Capital Grille
9%
97 Twin Peaks
9%
315 Which Wich
9%
205 Andy's Frozen Custard
8%
314 Au Bon Pain
8%
162 Braum's Ice Cream & Dairy Stores
8%
157 Famous Dave's
8%
202 Huddle House
8%
151 Peet's Coffee
8%
402 Quaker Steak & Lube
8%
336 Wahlburgers
8%
108 7 Brew Drive Thru Coffee
7%
466 Baja Fresh Mexican Grill
7%
401 Biscuitville Fresh Southern
7%
220 Bruegger's Bagels
7%
276 Bruster's Real Ice Cream
7%
110 Chuy's
7%
165 Fazoli's
7%
171 Penn Station East Coast Subs
7%
238 Pret A Manger
7%
160 Wetzel's Pretzels
7%
138 Wienerschnitzel
7%
251 BurgerFi
6%
391 Burgerville
6%
190 Donatos Pizza
6%
130 Mellow Mushroom
6%
311 Mimi's Bistro & Bakery
6%
482 Papa Gino's Pizzeria
6%
112 Paris Baguette
6%
200 Pei Wei
6%
135 Pizza Ranch
6%
81 Portillo's
6%
380 Romano's Macaroni Grill
6%
113 Slim Chickens
6%
477 SweetFrog
6%
65 Yard House
6%
340 Aroma Joe's
5%
206 Bonchon
5%
445 Bravo! Italian Kitchen
5%
153 Bubba's 33
5%
186 City Barbeque
5%
269 Giordano's
5%
347 Luby's
5%
173 Morton's The Steakhouse
5%
489 Philly Pretzel Factory
5%
332 Pizza Inn
5%
117 Round Table Pizza
5%
233 Rubio's
5%
245 Smokey Bones
5%
223 Sonny's BBQ
5%
335 Ted's Montana Grill
5%
365 Togo's Sandwiches
5%
234 Village Inn
5%
267 110 Grill
4%
146 Biggby Coffee
4%
129 Cafe Rio Mexican Grill
4%
224 Chopt
4%
90 Cooper's Hawk Winery & Restaurants
4%
168 Dickey's Barbecue Pit
4%
455 Duck Donuts
4%
132 Firebirds Wood Fired Grill
4%
134 Fleming's Prime Steakhouse & Wine Bar
4%
86 Fogo de Chao
4%
299 Halal Guys, The
4%
327 Lou Malnati's
4%
212 Melting Pot
4%
305 Pancheros Mexican Grill
4%
154 Playa Bowls
4%
140 Schlotzsky's
4%
321 Yogurtland
4%
232 Bar Louie
3%
290 Brio Italian Grille
3%
310 Burtons Grill & Bar
3%
203 Corner Bakery
3%
149 Golden Chick
3%
306 Haagen-Dazs
3%
125 Honey Baked Ham Co.
3%
419 Hurricane Grill & Wings
3%
451 Johnny's New York Style Pizza
3%
127 KPOT Korean BBQ & Hot Pot
3%
93 Miller's Ale House
3%
187 Nobu Restaurants
3%
64 Nothing Bundt Cakes
3%
246 Old Chicago Pizza + Taproom
3%
210 Original Pancake House
3%
279 PDQ Chicken
3%
421 Peter Piper Pizza
3%
142 Pollo Campero
3%
343 Rosa's Cafe Tortilla Factory
3%
247 | 254 Runza
3%
431 Salsarita's Fresh Mexican Grill
3%
109 Saltgrass Steak House
3%
150 Seasons 52
3%
409 Shakey's Pizza Parlor
3%
493 Swig
3%
199 Taco Cabana
3%
222 Taziki's Mediterranean Cafe
3%
114 Topgolf
3%
104 Torchy's Tacos
3%
350 Yoshinoya
3%
469 Yum Yum Donut Shops
3%
301 American Deli
2%
281 Anthony's Coal Fired Pizza
2%
318 Anthony's Restaurants
2%
312 Bad Daddy's Burger Bar
2%
330 Barcelona Wine Bar
2%
180 bb.q Chicken
2%
197 Beef 'O' Brady's
2%
422 Bibibop Asian Grill
2%
230 Bill Miller Bar-B-Q
2%
295 Black Angus Steakhouse
2%
115 Black Bear Diner
2%
237 | 257 Black Rock Coffee Bar
2%
413 Blue Bottle Coffee
2%
348 Bubbakoo's Burritos
2%
387 Buona
2%
440 Cafe Zupas
2%
271 California Fish Grill
2%
268 Capriotti's Sandwich Shop
2%
323 Chart House
2%
283 Cheba Hut
2%
307 Chicken Express
2%
192 Coffee Bean & Tea Leaf
2%
498 Crisp & Green
2%
404 Daylight Donuts
2%
399 Del Frisco's Grille
2%
119 | 366 Din Tai Fung
2%
405 Dog Haus
2%
274 Eat'n Park
2%
163 Eddie V's Prime Seafood
2%
181 Farmer Boys
2%
216 Fuzzy's Taco Shop
2%
249 Golden Krust
2%
341 Gong Cha
2%
259 Great Harvest Bakery Cafe
2%
282 Grimaldi's Pizzeria
2%
438 Gus's Fried Chicken
2%
319 Handel's Homemade Ice Cream
2%
427 Hillstone
2%
349 Honeygrow
2%
193 Hook & Reel
2%
289 Hopdoddy Burger Bar
2%
375 Houlihan's
2%
381 Houston's
2%
351 Huey Magoo's
2%
386 HuHot Mongolian Grill
2%
378 Ike's Love & Sandwiches
2%
420 Imo's Pizza
2%
313 Iron Hill Brewery & Restaurant
2%
300 Islands Fine Burgers & Drinks
2%
166 J. Alexander's
2%
414 Jeni's Splendid Ice Creams
2%
298 Jim 'N Nick's Bar-B-Q
2%
459 Johnny Carino's
2%
218 Just Salad
2%
329 Keke's Breakfast Cafe
2%
284 Kilwins
2%
492 Kolache Factory
2%
273 Kona Grill
2%
201 Kung Fu Tea
2%
182 Kura Sushi
2%
264 Ledo Pizza
2%
226 Legal Sea Foods
2%
183 L&L Hawaiian Barbecue
2%
144 Mastro's Restaurants
2%
360 McCormick & Schmick's
2%
240 Metro Diner
2%
228 Mission BBQ
2%
436 Mooyah
2%
136 Mountain Mike's Pizza
2%
435 Ojos Locos Sports Cantina
2%
158 Perry's Steakhouse & Grille
2%
397 Philz Coffee
2%
449 Piada Italian Street Food
2%
302 Pieology Pizzeria
2%
316 Plaza Azteca
2%
483 Pokeworks
2%
426 Port of Subs
2%
480 Pretzelmaker
2%
384 P. Terry's Burger Stand
2%
392 Razzoo's Cajun Cafe
2%
242 Roosters Wings
2%
424 Roy Rogers Restaurants
2%
326 Rudy's Texas Bar-B-Q
2%
175 Salad and Go
2%
373 Saladworks
2%
287 Shari's Cafe and Pies
2%
147 Shipley Do-Nuts
2%
196 STK
2%
475 Sullivan's Steakhouse
2%
418 Tender Greens
2%
243 | 275 Teriyaki Madness
2%
122 Texas de Brazil
2%
248 The Human Bean
2%
195 Tous Les Jours
2%
288 Velvet Taco
2%
227 WaBa Grill
2%
139 Walk-On's Sports Bistreaux
2%
219 Wayback Burgers
2%
266 Wings and Rings
2%
291 Wings Etc. Grill & Pub
2%
396 WNB Factory
2%
331 Wood Ranch BBQ & Grill
2%
221 54th Street Restaurant & Drafthouse
1%
169 | 446 85C Bakery Cafe
1%
376 Abuelo's Mexican Restaurant
1%
499 Angry Crab Shack
1%
209 Another Broken Egg Cafe
1%
488 Bahama Buck's
1%
325 Barrio Tacos
1%
225 | 252 Bartaco
1%
394 Blue Sushi Sake Grill
1%
235 Boiling Crab
1%
462 Brass Tap, The
1%
328 Broken Yolk Cafe
1%
407 Clean Juice
1%
369 Colton's Steak House & Grill
1%
229 Condado Tacos
1%
214 Costa Vida Fresh Mexican Grill
1%
317 Cotton Patch Cafe
1%
371 Cousins Subs
1%
356 Crafty Crab
1%
467 Culinary Dropout
1%
184 Del Frisco's Double Eagle Steakhouse
1%
320 Dion's Pizza
1%
270 Duffy's Sports Grill
1%
385 Eggs Up Grill
1%
441 Elmer's Restaurants
1%
465 El Torito
1%
339 Eureka! Restaurants
1%
265 Flanigan's
1%
278 Flower Child
1%
263 Ford's Garage
1%
292 Freebirds World Burrito
1%
481 Fricker's
1%
346 Gloria's Latin Cuisine
1%
261 Glory Days Grill
1%
478 Gold Star Chili
1%
244 Great American Cookies
1%
484 Hat Creek Burger Co.
1%
308 Hawaiian Bros Island Grill
1%
456 Hot Head Burritos
1%
442 HTeaO
1%
486 Jeremiah's Italian Ice
1%
231 Jinya Ramen Bar
1%
362 Juicy Crab, The
1%
213 La Madeleine
1%
236 LaRosa's Pizzeria
1%
124 Lazy Dog Restaurant & Bar
1%
479 Lemonade
1%
382 Le Pain Quotidien
1%
324 Lucille's Smokehouse Bar-B-Que
1%
215 Lupe Tortilla
1%
255 Main Event
1%
485 Margaritas Mexican Restaurant
1%
167 Mendocino Farms
1%
285 Mr. Gatti's Pizza
1%
239 | 256 Nekter Juice Bar
1%
198 Newk's Eatery
1%
377 Nick the Greek
1%
389 Noah's Bagels
1%
152 North Italia
1%
189 Ocean Prime
1%
388 Pal's Sudden Service
1%
217 Panini Kabob Grill
1%
194 Pappadeaux Seafood Kitchen
1%
277 Pappasito's Cantina
1%
353 Pizza Factory
1%
434 PJ's Coffee of New Orleans
1%
272 P.J. Whelihan's Pub & Restaurant
1%
452 Pluckers Wing Bar
1%
337 Postino WineCafe
1%
286 Primanti Bros.
1%
345 PrimoHoagies
1%
433 Red Crab Juicy Seafood
1%
448 Red Ribbon Bakeshop
1%
500 Rib & Chop House
1%
354 Rock & Brews
1%
280 Rosati's Pizza
1%
443 Rusty Bucket Restaurant and Tavern
1%
293 Salata
1%
344 Serafina
1%
470 Sharetea
1%
432 Silver Diner
1%
208 Snooze, an A.M. Eatery
1%
473 Taco Casa
1%
468 Toasted Yolk Cafe, The
1%
338 Tommy Bahama Restaurants
1%
390 Toppers Pizza
1%
145 True Food Kitchen
1%
408 Truluck's
1%
370 Tupelo Honey Southern Kitchen & Bar
1%
494 Ziggi's Coffee
1%
429 Bareburger
0%
398 Bluestone Lane
0%
457 Board & Brew
0%
495 Boiling Point
0%
425 Bricktown Brewery
0%
364 Carolina Ale House
0%
241 Carvel Ice Cream
0%
400 Clean Eatz
0%
497 Eddie Merlot's
0%
461 Emmy Squared Pizza
0%
476 Epic Wings
0%
437 Flame Broiler
0%
367 Fox's Pizza Den
0%
490 Gator's Dockside
0%
496 Genghis Grill
0%
363 Grand Lux Cafe
0%
412 Greene Turtle Sports Bar & Grille
0%
487 Hampton Social, The
0%
458 Hawkers Asian Street Food
0%
430 Huckleberry's
0%
260 Human Bean, The
0%
355 Il Fornaio
0%
464 Jefferson's Restaurant
0%
352 Kneaders Bakery & Cafe
0%
444 Luna Grill
0%
406 Maple Street Biscuit Company
0%
411 Marble Slab Creamery
0%
454 Marlow's Tavern
0%
361 Mazzio's Italian Eatery
0%
372 Mi Cocina
0%
393 Mo'Bettahs
0%
474 Modern Market Eatery
0%
463 Mr. Pickle's Sandwich Shop
0%
416 Palm Restaurant, The
0%
379 Pinstripes
0%
368 Pizza Guys
0%
374 RibCrib BBQ
0%
447 Rock N Roll Sushi
0%
439 Rodizio Grill
0%
472 Ruby Slipper Cafe
0%
383 Simple Simon's Pizza
0%
417 Smallcakes Cupcakery
0%
359 Smith & Wollensky
0%
471 Super Chix
0%
453 Thirsty Lion Gastropub
0%
403 Urban Plates
0%
No matching quizzes found
Score Distribution
Percent of People with Each Score
Percentile by Number Answered
Your Score History
You have not taken this quiz